|
|
|
|
| LEADER |
00000nab a2200000 a 4500 |
| 001 |
vtls000796468 |
| 003 |
SK-MaSNL |
| 005 |
20260305004356.0 |
| 008 |
250429c2002 xo 0 slo |
| 015 |
|
|
|a SNBRB2002/06-18937
|
| 035 |
|
|
|a CLN000148123
|
| 035 |
|
|
|a urn:nbn:sk:snk-ab2dvd
|
| 035 |
|
|
|a (urnnbn)urn:nbn:sk:snk:ar-a0281m
|
| 035 |
|
|
|a (uuid)80fbe450-fed1-4cba-9cd1-3454b4e4d0db
|
| 040 |
|
|
|a SNKBUCL
|b slo
|c SNKBUCL
|e AACR2
|
| 041 |
0 |
|
|a eng
|
| 044 |
|
|
|a xo
|c SK
|
| 080 |
|
|
|a 658.168(4-11):339.727.22
|2 1997
|
| 080 |
|
|
|a 336.71(4-773):339.727.22
|2 1997
|
| 080 |
|
|
|a 339.727.22(4-11)
|2 1997
|
| 100 |
1 |
|
|a Ferenčíková, Soňa,
|d 1960-
|4 aut
|9 263390
|
| 245 |
1 |
0 |
|a Central and eastern Europe - a region for mergers and acquisitions?
|b case of slovak manufacturing and banking industries
|c Soňa Ferenčíková, Alena Urbanová
|
| 300 |
|
|
|b Tab.
|
| 504 |
|
|
|a Res. angl., slov.
|
| 504 |
|
|
|a Bibliogr. odkazy
|
| 650 |
0 |
7 |
|a priemyselné podniky
|2 snkbucl
|9 2346
|
| 650 |
0 |
7 |
|a banky
|2 snkbucl
|9 2103
|
| 650 |
0 |
7 |
|a fúzia
|2 snkbucl
|9 845643
|
| 650 |
0 |
7 |
|a akvizícia (knihovníctvo)
|2 snkbucl
|9 1311
|
| 650 |
0 |
7 |
|a investcie zahraničné
|2 snkbucl
|9 1582100
|
| 651 |
|
7 |
|a Európa stredná
|2 snkbucl
|9 23970
|
| 655 |
|
7 |
|a články z novín a časopisov
|2 snkbucl
|9 267496
|
| 700 |
1 |
|
|a Urbanová, Alena
|4 aut
|9 314402
|
| 773 |
0 |
|
|t Ekonomické rozhľady
|g Roč. 31, č. 2 (2002), s. 141-150
|x 0323-262X
|
| 850 |
|
|
|a Slovenská národná knižnica
|
| 852 |
|
|
|a Slovenská národná knižnica
|
| 958 |
|
|
|a article27
|
| 958 |
|
|
|a NB
|
| 958 |
|
|
|a OND
|
| 958 |
|
|
|a EUIPO
|
| 992 |
|
|
|a RBX
|
| 999 |
|
|
|c 3235331
|d 3237261
|